Identidad de género, autonomía progresiva y control de constitucionalidad : (Registro nro. 6247)
[ vista simple ]
| 000 -LEADER | |
|---|---|
| fixed length control field | 01311nab a22002537a 4500 |
| 003 - CONTROL NUMBER IDENTIFIER | |
| control field | OSt |
| 005 - DATE AND TIME OF LATEST TRANSACTION | |
| control field | 20260127202858.0 |
| 008 - FIXED-LENGTH DATA ELEMENTS--GENERAL INFORMATION | |
| fixed length control field | 190514b xxu||||| |||| 00| 0 spa d |
| 040 ## - CATALOGING SOURCE | |
| Transcribing agency | PJ |
| 100 ## - MAIN ENTRY--PERSONAL NAME | |
| 9 (RLIN) | 6959 |
| Personal name | Miguel, Sandra Verónica |
| 245 10 - TITLE STATEMENT | |
| Title | Identidad de género, autonomía progresiva y control de constitucionalidad : |
| Remainder of title | a propósito del fallo "V. A. E. c. OSECAC s/ amparo ley 19.686" / |
| Statement of responsibility, etc | Sandra Verónica Miguel. |
| 300 ## - PHYSICAL DESCRIPTION | |
| Extent | p. 56-64 |
| 500 ## - GENERAL NOTE | |
| General note | Cita: TR LALEY AR/DOC/2139/2025. |
| 505 ## - FORMATTED CONTENTS NOTE | |
| Formatted contents note | Sumario: I. Introducción.— II. Marco normativo.— III. Relato de los hechos. Cuestión controversial.— IV. La identidad de género en los niños, niñas y adolescentes.— V. Conclusiones finales. |
| 505 ## - FORMATTED CONTENTS NOTE | |
| Title | Fallo comentado: JFed., Paraná Nro 2 ~ 16/04/2025 ~ V. A. E., en la representación invocada c. OSECAC s/ amparo ley 16.986. |
| 650 #0 - SUBJECT ADDED ENTRY--TOPICAL TERM | |
| 9 (RLIN) | 967 |
| Topical term or geographic name as entry element | DERECHO DE FAMILIA |
| 650 #0 - SUBJECT ADDED ENTRY--TOPICAL TERM | |
| 9 (RLIN) | 4305 |
| Topical term or geographic name as entry element | DERECHO A LA IDENTIDAD DE GÉNERO |
| 650 #0 - SUBJECT ADDED ENTRY--TOPICAL TERM | |
| 9 (RLIN) | 5662 |
| Topical term or geographic name as entry element | ADOLESCENTES |
| 650 #0 - SUBJECT ADDED ENTRY--TOPICAL TERM | |
| 9 (RLIN) | 755 |
| Topical term or geographic name as entry element | CONTROL DE CONSTITUCIONALIDAD |
| 650 #0 - SUBJECT ADDED ENTRY--TOPICAL TERM | |
| 9 (RLIN) | 4691 |
| Topical term or geographic name as entry element | AUTONOMÍA PROGRESIVA |
| 650 #0 - SUBJECT ADDED ENTRY--TOPICAL TERM | |
| 9 (RLIN) | 1057 |
| Topical term or geographic name as entry element | JURISPRUDENCIA APLICABLE |
| 773 0# - HOST ITEM ENTRY | |
| Host Biblionumber | 2844 |
| Host Itemnumber | 3222 |
| Place, publisher, and date of publication | Buenos Aires : AbeledoPerrot, 1989- |
| Title | Derecho de familia. Revista Interdisciplinaria de doctrina y jurisprudencia. Octubre 2025-V. |
| International Standard Book Number | 18511201 |
| 942 ## - ADDED ENTRY ELEMENTS (KOHA) | |
| Source of classification or shelving scheme | |
| Koha item type | Analítica Artículo de Revista |
No hay ítems disponibles.
